Ngữ văn nâng cao 10 T.2

Enregistré dans:
Détails bibliographiques
Auteur principal: Trần, Đình Sử
Autres auteurs: Nguyễn, Hồng Dân
Format: Livre
Langue:Undetermined
Publié: H. Giáo dục 2006
Sujets:
Accès en ligne:http://lrc.tdmu.edu.vn/opac/search/detail.asp?aID=2&ID=5221
Tags: Ajouter un tag
Pas de tags, Soyez le premier à ajouter un tag!
Thư viện lưu trữ: Trung tâm Học liệu Trường Đại học Thủ Dầu Một
LEADER 00678nam a2200217Ia 4500
001 TDMU_5221
008 210410s9999 xx 000 0 und d
082 |a 807.071 
090 |b TR121 
100 |a Trần, Đình Sử 
245 0 |a Ngữ văn nâng cao 10 
245 0 |c Trần Đình Sử 
245 0 |n T.2 
260 |a H. 
260 |b Giáo dục 
260 |c 2006 
300 |a 215tr 
650 |a Sách lớp 10  |v Giáo khoa; Tiếng Việt  |x Dạy và học 
700 |a Nguyễn, Hồng Dân 
856 |u http://lrc.tdmu.edu.vn/opac/search/detail.asp?aID=2&ID=5221 
980 |a Trung tâm Học liệu Trường Đại học Thủ Dầu Một